Pays les plus... du monde - Statistiques

Statistiques générales
  • Ce quiz a été pris 203 fois
  • Le résultat moyen est 12 sur 20
Statistiques - réponses
Indices Réponses % Correct
Pays le plus grand en superficie. Russie
99%
Pays le plus petit en superficie. Vatican
94%
Pays le plus peuplé. Inde
93%
Pays le plus riche. Etats-Unis
88%
Pays ayant la moyenne d'âge la plus haute. Japon
84%
Pays insulaire le plus grand en superficie. Australie
82%
Pays le plus long. Chili
79%
Pays ayant le meilleur IDH (indice de développement humain). Islande | Norvège | Suisse
77%
Pays enclavé le plus grand en superficie. Kazakhstan
68%
Pays ayant la densité de population la plus élevée. Monaco
68%
Pays ayant le plus de côtes maritimes. Canada
66%
Pays ayant le plus haut taux de natalité. Niger | Somalie | Tchad
66%
Pays ayant le plus de sites classés à l'Unesco. Italie
61%
Pays le plus riche par habitant. Luxembourg | Irlande | Singapour
57%
Pays ayant la densité de population la plus élevée (hors micro états). Bangladesh
43%
Pays le plus pauvre par habitant. Burundi | Soudan du Sud | République Centrafricaine
31%
Plus vieux pays créé toujours existant. Saint-Marin
26%
Pays où se trouve le point terrestre le plus bas. Jordanie
18%
Pays avec l'altitude moyenne la plus basse. Maldives
18%
Pays le plus haut en moyenne. Tadjikistan
18%
Aucun quiz correspondant
Distribution des résultats
% des personnes avec chaque résultat
Percentile par nombre de réponses
Votre historique - résultats
Vous n’avez pas pris ce quiz